| 000 | 00722nam a22002417i 4500 | ||
|---|---|---|---|
| 999 |
_c22938 _d22938 |
||
| 003 | AR-CdUCM | ||
| 008 | 240603b20232023 pe||||| |||| 00| 0 spa d | ||
| 020 | _a978-612-00-9045-9 | ||
| 040 |
_aMUNICIPALIDAD PROVINCIAL DEL CUSCO _cBIBLIOTECA MUNICIPAL DEL CUSCO |
||
| 082 |
_a158.1 / T17P _bT17P |
||
| 100 |
_aTapia Quispe, Mia Valentina. _950054 |
||
| 245 | _aMi proyecto soñador / | ||
| 260 |
_aCusco : _c2023 |
||
| 300 |
_a105 páginas. : _c21 cm. |
||
| 650 |
_aLos sueños _950055 |
||
| 650 |
_aLos problemas _950056 |
||
| 650 |
_aLa esperanza _94298 |
||
| 650 |
_aTemor _950057 |
||
| 650 |
_aEl éxito _950058 |
||
| 650 |
_aEl cambio en nuestras vidas _950059 |
||
| 942 |
_2ddc _cLIBROS |
||
| 945 |
_apbj _d2024-06-03 |
||